• 首页
  • 本馆介绍
  • 公告通知
  • 最新文献
  • 馆藏检索
  • 电子资源
  • 读者导购
  • 参考咨询
  • 我的图书馆
  • 登录
  • 详细信息显示
  • 放入我的书架
  • 预约/预借图书
  • 作者相关作品
  • 分类相关作品
  • 丛书相关作品
  • 出版社相关作品

书目信息

  • 表格格式
  • 工作单格式
  • 卡片格式
题名:
电磁场与微波仿真实验教程
    
 
作者: 赵玲玲 编著
分册:  
出版信息: 北京   清华大学出版社  2021.1
页数: 119页
开本: 23cm
丛书名:
单 册:
中图分类: O441.4 , TN015
科图分类:
主题词: 电磁场--实验 , 微波技术--仿真--实验
电子资源:
ISBN: 978-7-302-47784-6
000 01223nam0 2200265 45
001 012001000512
005 20140911151449.0
010    @a978-7-302-47784-6@dCNY39.00
100    @a20180115d2017 em y0chiy50 ea
101 0  @achi
102    @aCN@b110000
105    @aa z 000yy
106    @ar
200 1  @a电磁场与微波仿真实验教程@Adian ci chang yu wei bo fang zhen shi yan jiao cheng@b专著@f赵玲玲[等]编著
210    @a北京@c清华大学出版社@d2021.1
215    @a119页@c图@d23cm
304    @a编著者还有:杨亮、张玉玲、王丽丽
330    @a本书由电磁场与微波技术两部分实验内容组成。实验一到实验四是电磁场硬件实验。包括电磁波感应器的设计与制作、电磁波传播特性实验等。实验五到实验十一是电磁场软件实验。包括电磁场中的基本运算、点电荷的电场与电势分布仿真等。实验十一到实验二十是微波技术硬件实验。本部分主要从工程应用的角度出发,重点对几类具有代表性的微波无源元器件的相关特性进行实验测量。包括环行器、定向耦合器等。实验二十一到二十三是微波技术软件实验。包括矩形波导TE10的仿真、魔T的设计与仿真等。
606 0  @a电磁场@x实验
606 0  @a微波技术@x仿真@x实验
690    @aO441.4@v5
690    @aTN015@v5
701  0 @a赵玲玲@Azhao ling ling@4编著
801  0 @aCN@bBJSDL@c20211011
905    @b1331621-4@dO441.4@e194@f4
    
    电磁场与微波仿真实验教程/赵玲玲[等]编著.-北京:清华大学出版社,2021.1
    119页:图;23cm
    
    
    ISBN 978-7-302-47784-6:CNY39.00
    本书由电磁场与微波技术两部分实验内容组成。实验一到实验四是电磁场硬件实验。包括电磁波感应器的设计与制作、电磁波传播特性实验等。实验五到实验十一是电磁场软件实验。包括电磁场中的基本运算、点电荷的电场与电势分布仿真等。实验十一到实验二十是微波技术硬件实验。本部分主要从工程应用的角度出发,重点对几类具有代表性的微波无源元器件的相关特性进行实验测量。包括环行器、定向耦合器等。实验二十一到二十三是微波技术软件实验。包括矩形波导TE10的仿真、魔T的设计与仿真等。
●
相关链接 在E读中查询图书 在五车中查询图书 在当当中查询图书 在豆瓣中查询图书


正题名:电磁场与微波仿真实验教程     索取号:O441.4/194         预约/预借

序号 登录号 条形码 馆藏地/架位号 状态 备注
1 1331621   213316213   第二样本阅览室/ [索取号:O441.4/194] 在馆    
2 1331622   213316222   第三借阅区/ [索取号:O441.4/194] 在馆    
3 1331623   213316231   第三借阅区/ [索取号:O441.4/194] 在馆    
4 1331624   213316240   第三借阅区/ [索取号:O441.4/194] 在馆    
唐山师范学院图书馆 欢迎您!
大连网信软件有限公司© 版权所有